| 000 | 00512nam a2200217Ia 4500 | ||
|---|---|---|---|
| 008 | 170918s9999 xx 000 0 und d | ||
| 020 | _a9780439023481 | ||
| 050 | _bC713 2008 | ||
| 100 | _aCollins, Suzanne | ||
| 245 | 4 | _aThe hunger games / | |
| 245 | _cby Suzanne Collins. | ||
| 250 | _aFirst edition | ||
| 260 | _aNew York : | ||
| 260 | _bScholastic, | ||
| 260 | _c2008 | ||
| 300 | _a374 pages : | ||
| 300 | _billustrations ; | ||
| 300 | _c21cm. | ||
| 300 | _eThe hunger games. | ||
| 500 | _a810 | ||
| 999 |
_c343572 _d343572 |
||